| 000 | 01472cam a2200373 a 4500 | ||
|---|---|---|---|
| 999 |
_c3954 _d3954 |
||
| 001 | 17028746 | ||
| 003 | Nust | ||
| 005 | 20170105101616.0 | ||
| 008 | 111031r20071998nyu 000 1 eng | ||
| 010 | _a 2011456967 | ||
| 020 | _a9780312361273 | ||
| 020 | _a0312361270 | ||
| 040 |
_aDLC _cDLC _dDLC |
||
| 042 | _apcc | ||
| 043 | _ae-uk-en | ||
| 050 | 0 | 0 |
_aPR6073.I246 _bG3 2007 |
| 082 | 0 | 0 |
_a823.914 _223 _bKIN |
| 100 | 1 |
_aWickham, Madeleine, _d1969- |
|
| 245 | 1 | 4 |
_aThe gatecrasher / _cMadeleine Wickham. |
| 250 | _a2nd St. Martins Press ed. | ||
| 260 |
_aNew York : _bThomas Dunne Books/St. Martins Press, _c2007. |
||
| 300 |
_a347 p. ; _c25 cm. |
||
| 500 | _aOriginally published: London : Black Swan, 1998. | ||
| 520 | _aFleur Daxeny gatecrashes funerals in the hopes of picking up rich and vulnerable men, but when she becomes involved with Richard Favour, she discovers that she is in too deep, and that she wants more than his money. | ||
| 650 | 0 |
_aSwindlers and swindling _vFiction. |
|
| 655 | 7 |
_aSatire. _2lcsh |
|
| 655 | 7 |
_aBlack humor (Literature) _2gsafd |
|
| 655 | 7 |
_aHumorous fiction. _2gsafd |
|
| 856 | 4 | 2 |
_3Publisher description _uhttp://www.loc.gov/catdir/enhancements/fy1212/2011456967-d.html |
| 856 | 4 | 1 |
_3Sample text _uhttp://www.loc.gov/catdir/enhancements/fy1212/2011456967-s.html |
| 906 |
_a7 _bcbc _corignew _d2 _encip _f20 _gy-gencatlg |
||
| 942 |
_2ddc _cBK |
||